000 00531nam a2200181 i 4500
001 146105
003 ES-MaACL
005 20230906201421.0
007 t|
008 070731s1965 sp ||||1| spa d
080 _a613.261
100 1 _aTorres del Solar, Felipe.
_9110944
245 1 0 _a365 citas y glosas para vegetarianos /
_cpor Felipe Torres del Solar.
260 _aMadrid :
_b[s.n.],
_c1965 (
_fGráf. Benzal)
300 _a126 p. ;
_c21 cm.
650 1 4 _aVegetarianismo.
_917753
852 _aES-MaACL
_jC-28701
_bR.58003
999 _c146105
_d146105